Inside form_.Z : guide to 3D modeling and rendering

Αποθηκεύτηκε σε:
Λεπτομέρειες βιβλιογραφικής εγγραφής
Κύριος συγγραφέας: Muir, Eden
Άλλοι συγγραφείς: Clarke, Cory 1972-, Park, Nam-ho
Μορφή: Βιβλίο
Γλώσσα:English
Δημοσίευση: Santa Fe, N.M. : OnWord press, 1998
Θέματα:
Ετικέτες: Προσθήκη ετικέτας
Δεν υπάρχουν, Καταχωρήστε ετικέτα πρώτοι!

MARC

LEADER 00000nam a2200000 i 4500
001 1/99941
008 000211s1998 eng d
020 |a 1566901820 
035 |l 10057079 
040 |a GR-MY-UA  |b gre  |e aacr 
041 0 |a eng 
082 0 |a 006.6869 
100 1 |a Muir, Eden. 
245 1 0 |a Inside form_.Z :  |b guide to 3D modeling and rendering /  |c Eden Greig Muir with Cory Clarke and Nam-ho Park 
260 |a Santa Fe, N.M. :   |b OnWord press,   |c 1998 
300 |a xxiii, 583 p.;  |b ill.;  |c 23 cm.+  |e 1 computer laser optical disc (4 3/4 in.) 
504 |a Includes indexes 
650 0 0 |a Form Z. 
650 0 0 |a Computer simulation. 
650 0 0 |a Computer graphics. 
700 1 |a Clarke, Cory  |d 1972- 
700 1 |a Park, Nam-ho. 
852 |a INST  |b SAMOS  |e 20000211  |h 006.6869 MUI  |p 005300015753  |q 005300015753  |t BK  |y 0 
852 |a INST  |b SAMOS  |e 20000211  |h 006.6869 MUI   |p 005300015652  |q 005300015652  |t BK  |y 0 
901 |a BIBL3-2000-1 
909 |a Σ  |b 072806 
909 |a Σ  |b 072807 
922 |a 3ΕΛΗ  |b 199912  |c ΤΠΕΣ  |d ΠΑΠΑΣΩΤΗΡΙΟΥ 
950 |a 133-1999-07-20 
970 |a ΓΕΝΟΥΖΟΥ  |b ΧΡΥΣΑΝΘΗ  |z 2000/02/11